000 00738nam a22002057a 4500
999 _c1835
_d1835
003 AR-CdUCM
008 190228b ||||| |||| 00| 0 spa d
040 _aMUNICIPALIDAD PROVINCIAL DEL CUSCO
_cBIBLIOTECA MUNICIPAL DEL CUSCO
082 _a301 /
_bG71
100 _aGonzales Rios, Jose
_96726
245 _aSociología General /
260 _aPerú :
_bEdit.Mercantil EIRL,
_c1996.
300 _a194 pagina ;
_c21 cm.
505 _aCiencia social y sociología --Fundadores de la sociología --Fundamentos en la teoría social de Durkhem --Sociología general de Max Weber ...
650 _aSociologia
_9276
650 _aCiencia social
_93526
650 _aSociedad humana
_96727
942 _2ddc
_cLIBROS
945 _arjall
_d2019-02-28